VH1's 100 Greatest Songs of the '90s - Statistics

General Stats
  • This quiz has been taken 3,141 times
  • The average score is 33 of 100
Answer Stats
Hint Answer % Correct
Nirvana, 1991 Smells Like Teen Spirit
90%
Vanilla Ice, 1990 Ice Ice Baby
77%
Whitney Houston, 1992 I Will Always Love You
76%
Britney Spears, 1999 ....Baby One More Time
70%
Oasis, 1995 Wonderwall
70%
MC Hammer, 1990 U Can't Touch This
69%
Celine Dion, 1997 My Heart Will Go On
68%
R.E.M., 1991 Losing My Religion
67%
TLC, 1994 Waterfalls
67%
Sir Mix-A-Lot, 1992 Baby Got Back
66%
Spice Girls, 1996 Wannabe
66%
Kris Kross, 1992 Jump
65%
U2, 1992 One
65%
Hanson, 1997 MMMBop
62%
Ricky Martin, 1999 Livin' la Vida Loca
60%
Backstreet Boys, 1999 I Want It That Way
59%
Radiohead, 1992 Creep
58%
Red Hot Chili Peppers, 1992 Under the Bridge
56%
Madonna, 1990 Vogue
56%
Metallica, 1991 Enter Sandman
55%
Goo Goo Dolls, 1998 Iris
55%
Christina Aguilera, 1999 Genie in a Bottle
52%
Beck, 1993 Loser
52%
Cher, 1998 Believe
51%
House of Pain, 1993 Jump Around
51%
Pearl Jam, 1992 Jeremy
49%
Sinead O'Connor, 1990 Nothing Compares 2 U
47%
Billy Ray Cyrus, 1992 Achy Breaky Heart
46%
Soundgarden, 1994 Black Hole Sun
46%
Right Said Fred, 1992 I'm Too Sexy
46%
Eminem, 1999 My Name Is
43%
Weezer, 1994 Buddy Holly
41%
Spin Doctors, 1993 Two Princes
41%
The Fugees, 1996 Killing Me Softly With His Song
40%
Tupac (ft. Dr. Dre and Roger Troutman), 1995 California Love
36%
Meredith Brooks, 1997 Bitch
35%
Counting Crows, 1993 Mr. Jones
35%
BLACKstreet, 1996 No Diggity
34%
The Cranberries, 1993 Linger
33%
Sugar Ray, 1997 Fly
32%
Will Smith, 1998 Gettin' Jiggy Wit It
32%
Barenaked Ladies, 1998 One Week
32%
Alanis Morissette, 1995 You Oughta Know
31%
Deee-lite, 1990 Groove Is in the Heart
29%
Snow, 1992 Informer
29%
The Presidents of the United States of America, 1996 Peaches
29%
Beastie Boys, 1994 Sabotage
29%
Destiny's Child, 1999 Say My Name
28%
Green Day, 1997 Good Riddance (Time of Your Life)
27%
Marcy Playground, 1997 Sex and Candy
27%
Marky Mark and the Funky Bunch, 1991 Good Vibrations
26%
Montell Jordan, 1995 This Is How We Do It
26%
Sheryl Crow, 1994 All I Wanna Do
25%
C+C Music Factory, 1990 Gonna Make You Sweat (Everybody Dance Now)
25%
Joan Osborne, 1995 One of Us
25%
Edwin McCain, 1998 I'll Be
24%
Bel Biv DeVoe, 1990 Poison
24%
Third Eye Blind, 1997 Semi-Charmed Life
24%
Jamiroquai, 1997 Virtual Insanity
24%
Salt-n-Pepa with En Vogue, 1993 Whatta Man
24%
Lenny Kravitz, 1993 Are You Gonna Go My Way
23%
Cypress Hill, 1993 Insane in the Brain
23%
Naughty by Nature, 1991 O.P.P.
23%
Fiona Apple, 1997 Criminal
22%
Lisa Loeb & Nine Stories, 1994 Stay
22%
Korn, 1999 Freak on a Leash
21%
EMF, 1990 Unbelievable
20%
Color Me Badd, 1991 I Wanna Sex You Up
18%
L.L. Cool J, 1990 Mama Said Knock You Out
18%
Alice in Chains, 1991 Man in the Box
18%
The Notorious B.I.G. ft. Mase & Puff Daddy, 1997 Mo Money Mo Problems
18%
New Radicals, 1998 You Get What You Give
17%
Matchbox Twenty, 1997 3 AM
16%
Ice Cube, 1993 It Was a Good Day
16%
Dr. Dre (ft. Snoop Doggy Dogg), 1992 Nuthin' But a "G" Thang
16%
Collective Soul, 1993 Shine
16%
Shania Twain, 1997 You're Still the One
15%
Sophie B. Hawkins, 1992 Damn, I Wish I Was Your Lover
14%
Blues Traveler, 1995 Run-Around
14%
The Breeders, 1993 Cannonball
13%
En Vogue, 1992 My Lovin' (You're Never Gonna Get It)
13%
Hootie & the Blowfish, 1995 Only Wanna Be With You
13%
*NSYNC, 1998 Tearin' Up My Heart
13%
Digital Underground, 1990 The Humpty Dance
13%
Fastball, 1998 The Way
13%
Mariah Carey, 1990 Vision of Love
13%
Paula Cole, 1997 I Don't Want to Wait
11%
Gerardo, 1990 Rico Suave
11%
Jewel, 1996 Who Will Save Your Soul
11%
Arrested Development, 1992 Tennessee
10%
Duncan Sheik, 1996 Barely Breathing
9%
Live, 1994 I Alone
9%
Missy "Misdemeanor" Elliott, 1997 The Rain (Supa Dupa Fly)
6%
Public Enemy, 1990 911 Is a Joke
5%
Sarah McLachlan, 1997 Building a Mystery
5%
Jay-Z ft. Amil and Ja Rule, 1998 Can I Get A...
5%
Nelson, 1989 (Can't Live Without Your) Love & Affection
4%
Prince & the New Power Generation, 1991 Gett Off
4%
Geto Boys, 1991 Mind Playing Tricks on Me
3%
Liz Phair, 1993 Never Said
2%
No matching quizzes found
Score Distribution
Percent of People with Each Score
Percentile by Number Answered
Your Score History
You have not taken this quiz